20 Most Streamed Songs from 2021 on Spotify - Statistics

General Stats
  • This quiz has been taken 342 times
    205 since last reset
  • The average score is 13 of 20
Answer Stats
Artist Song % Correct
Olivia Rodrigo driver license
93%
Olivia Rodrigo good 4 u
93%
Olivia Rodrigo traitor
93%
Olivia Rodrigo deja vu
93%
Justin Bieber Ghost
85%
Justin Bieber Peaches
85%
Lil Nas X INDUSTRY BABY
85%
Lil Nas X MONTERO (Call Me By Your Name)
85%
Ed Sheeran Bad Habits
84%
Ed Sheeran Shivers
84%
Adele Easy On Me
69%
Billie Eilish Happier Than Ever
61%
The Kid LAROI STAY
61%
Doja Cat Kiss Me More
57%
Doja Cat Woman
57%
Elton John Cold Heart
42%
Imagine Dragons Enemy
38%
Farruko Pepas
17%
Rauw Alejandro Todo De Ti
9%
Lost Frequencies Where Are You Now
5%
No matching quizzes found
Score Distribution
Percent of People with Each Score
Percentile by Number Answered
Your Score History
You have not taken this quiz since the last reset